000 01170nam a2200313 a 4500
001 000114494
003 CHAP
005 20220329144444.0
008 180206s2017 mx a fsm |||||||spa d
010 _a110955
011 _a111927
040 _cCHAP
090 _aTesis
100 1 _aGómez Díaz, Rigoberto
_9134606
245 1 0 _aComplementación de macro y micro nutrimentos en una solución acuapónica para el cultivo de jitomate (Solanum lycopersicum L.) /
_h[En línea]
_cpor Rigoberto Gómez Díaz.
260 _aChapingo, Méx. :
_bEl autor,
_c2017.
500 _aPara ver el contenido del material haga clic en la liga
502 _aTesis (Ing. Agr. Esp. en Fitotecnia) -- UACH. Departamento de Fitotecnia
590 _aE8697GMM
_b05
_c20180206
_lUCH01
_h1155
590 _aE8697GMM
_b05
_c20180206
_lUCH01
_h1226
590 _aE8697GMM
_b05
_c20180208
_lUCH01
_h0843
650 1 4 _aTomate
_xCultivos acuapónicos
_xRendimiento.
_9126357
650 1 4 _aTomate
_xNutrición.
_9127151
650 1 4 _aTomate
_xRendimiento.
_9113761
856 _aFinding aid
_uhttp://10.13.5.2/tesis/sist114494.pdf
_zTeclea aquí
901 _aBK
942 _cTESIS
942 _n0
999 _c110955
_d110955